000 00561nam a2200193Ia 4500
005 20250326141119.0
008 250326s9999 xx 000 0 und d
020 _a0 7494 1986 5
037 _aTextbook
040 _aFMSL
_beng
_cFMSL
041 _aeng
_2eng
084 _aX:741 N6
_qFMSL
100 _aVogl F
_9743741
245 0 _aBoom visions and insights for creating wealth in the 21st century
_cVogl F; Sinclair J
260 _aLondon
_bLondon, Kogan Page
_c1996
300 _a296p
942 _cTB
_hX:741 N6
999 _c1288762
_d1288762